LEADER 02639oas 2201009 a 450 001 9910303535003321 005 20251104213014.0 011 $a1543-7787 035 $a(DE-599)ZDB2107803-8 035 $a(DE-599)2107803-8 035 $a(OCoLC)51765415 035 $a(CONSER) 2003212135 035 $a(CKB)111029330329002 035 $a(EXLCZ)99111029330329002 100 $a20030228a20029999 uy a 101 0 $aeng 135 $aur||||||||||| 181 $ctxt$2rdacontent 182 $cc$2rdamedia 183 $acr$2rdacarrier 200 10$aFrench colonial history 210 $aEast Lansing, Mich. $cMichigan State University Press$dİ2002- 300 $aConsists of articles selected from papers given at the annual FCHS meetings. 311 08$a1539-3402 531 0 $aFr. colon. hist. 606 $aKolonializm$2dbn 606 $aFrench colonies$2fast$3(OCoLC)fst01930852 606 $aColonie franc?aise$2rasuqam 606 $aColonisation$2rasuqam 606 $aHistoire$2rasuqam 607 $aFrance$xColonies$xHistory$vPeriodicals 607 $aFrance$xColonies$xHistoire$vPe?riodiques 607 $aFrancja$2dbn 607 $aFrance$2rasuqam 608 $aperiodicals.$2aat 608 $aCzasopismo historyczne.$2dbn 608 $aHistory.$2fast 608 $aPeriodicals.$2fast 608 $aPeriodicals.$2lcgft 608 $aPe?riodique e?lectronique (Descripteur de forme)$2rasuqam 608 $aRessource Internet (Descripteur de forme)$2rasuqam 608 $aPe?riodiques.$2rvmgf 615 7$aKolonializm. 615 7$aFrench colonies. 615 17$aColonie franc?aise. 615 7$aColonisation. 615 7$aHistoire. 676 $a944 712 02$aFrench Colonial Historical Society 712 02$aFrench Colonial Historical Society.$bMeeting. 801 0$bNSD 801 1$bNSD 801 2$bFUG 801 2$bMUQ 801 2$bOCLCQ 801 2$bWAU 801 2$bOCL 801 2$bOCLCQ 801 2$bOCL 801 2$bUQ1 801 2$bOCLCQ 801 2$bOCLCO 801 2$bOCLCQ 801 2$bDLC 801 2$bEYM 801 2$bOCLCF 801 2$bTXA 801 2$bOCLCO 801 2$bVT2 801 2$bOCL 801 2$bOCLCO 801 2$bOCLCQ 801 2$bEZC 801 2$bGILDS 801 2$bOCLCO 801 2$bAU@ 801 2$bCNTRU 801 2$bSFB 801 2$bOCLCQ 801 2$bUAB 801 2$bOCLCL 801 2$bQGK 801 2$bOCLCL 906 $aJOURNAL 912 $a9910303535003321 996 $aFrench colonial history$92247864 997 $aUNINA